El cambio de soberanía en Puerto Rico: otro 98

Kaydedildi:
Detaylı Bibliyografya
Yazar: Fernández Aponte, Irene (Yazar)
Materyal Türü: Kitap
Dil:İspanyolca
Baskı/Yayın Bilgisi: Madrid MAPFRE 1992
Seri Bilgileri:Colección independencia de Iberoamérica, 8
Konular:
Etiketler: Etiketle
Etiket eklenmemiş, İlk siz ekleyin!

MARC

LEADER 00000nam a2200000 a 4500
001 UCX7010
003 CL-VaPUC
008 930910e19920000SP |||||||||||||||||spa|d
082 0 4 |a 972.9504  |b FER  |2 21 
100 0 |a Fernández Aponte, Irene  |e author  |9 323730 
245 1 3 |a El cambio de soberanía en Puerto Rico: otro 98 
300 |a 438 p 
942 |c BK 
945 |d 19930910 00:00:00 
260 |a Madrid  |b MAPFRE  |c 1992 
500 |a Incluye síntesis biográficas de personajes ilustres de la época 
650 7 |a HISTORIA GOBIERNO MILITAR 1898-1900  |2 CL-VaPUC  |9 323731 
650 7 |a HISTORIA INVASION 1898  |2 CL-VaPUC  |9 323732 
650 0 |a Condiciones sociales   |9 257278 
650 0 |a Condiciones económicas  |9 258255 
651 7 |a PUERTO RICO  |2 CL-VaPUC  |9 254988 
583 |a last modification  |c 19930910 00:00:00  |k Rodrigo Vera 
490 0 |a Colección independencia de Iberoamérica, 8 
999 |c 226932  |d 226930 
952 |0 0  |1 0  |4 0  |6 972_950400000000000_FER_1992  |7 0  |8 A  |9 225640  |a BIBHIS  |b BIBHIS  |d 2019-11-15  |i 294281K  |l 1  |o 972.9504 FER 1992  |p 294281K  |r 2025-01-20  |s 2024-03-21  |w 2019-11-15  |y BK  |k HIS